01396naa#a2200217#i#4500001001600000005001700016011001400033100004100047102000700088200030800095210020100403215001100604606010100615608004500716675010000761686004800861686008200909686010800991700005201099856002701151RU\\bibl\11665020260516024345.6##a2782-540X##a20260328b2026####ek#y0rusy0150####ca##aRU1#aТрадиционное использование лекарственных растений в бореальных лесах Канады: концепция Ядава Упрети, Хьюго Асселин, Арчаны Дхакал и Нэнси ЖюльенeЖурнальная статья1#aКрасноярскcКрасноярская региональная общественная организация Содружество просветителей Красноярьяd2026##a37 с.##aКультуроведение и социокультурные проекты. 51.00.002local##aЖурнальная статья2local##aЭтнография. Нравы. Обычаи. Жизнь народа. Фольклора. 39##aОБЩЕСТВЕННЫЕ НАУКИ. 62bbk##aОБЩЕСТВЕННЫЕ НАУКИ. ЭКОНОМИКА. ПРАВО.. 72tbk##aКОМПЛЕКСНОЕ ИЗУЧЕНИЕ ОТДЕЛЬНЫХ СТРАН И РЕГИОНОВ. 23.002grnti#1aКопцеваgНаталья Петровна4#aasiaetother-journal.ru